| 000 | 00472nmm a22001697a 4500 | ||
|---|---|---|---|
| 005 | 20161129155152.0 | ||
| 008 | 150618b xxu||||| |||| 00| 0 spa d | ||
| 041 | _aspa | ||
| 082 | _aDE 127 | ||
| 100 |
_aMora Rodríguez, Giselle _933552 |
||
| 245 | _aInforme de Práctica Supervisada en la Agencia del Banco Popular, Paraíso | ||
| 260 | _c2014 | ||
| 650 |
_aCOSTA RICA _933553 |
||
| 650 |
_aDIRECCIÓN DE EMPRESAS _917 |
||
| 650 |
_aCONTROL INTERNO _9762 |
||
| 942 | _cIP | ||
| 999 |
_c8655 _d8655 |
||